| 000 | 00478nam a2200169 i 4500 | ||
|---|---|---|---|
| 001 | bgj | ||
| 245 | 0 | 0 |
_aThe Best Loved Poems : _bof the American people / _cselected by Hazel Felleman. |
| 260 |
_aNew York : _bDoubleday & Company, Inc., _cc. 1936. |
||
| 300 |
_aXXXIII, 760 pp ; _c22 cm. |
||
| 650 | 9 | _aAmerican poetry | |
| 650 | 9 | _aEnglish poetry | |
| 700 | 1 | _aFELLEMAN, Hazel | |
| 040 | _cBPK | ||
| 041 | 0 | _aeng | |
| 942 | _cKS | ||
| 008 | s uk f |000 0 eng | ||
| 999 |
_c47451 _d47451 |
||
| 856 |
_uhttp://koha.tu.koszalin.pl/cgi-bin/koha/opac-detail.pl?biblionumber=47451 _yKatalog online BPK |
||